Footballer's Nicknames - Statistics

General Stats
  • This quiz has been taken 148 times
  • The average score is 10 of 20
Answer Stats
Nickname Nationality Answer % Correct
Zizou France Zinedine Zidane
96%
El Pistolero (The Rifleman) Uruguay Luis Suárez
90%
O Rei (The King) Brazil Pelé
83%
El Matador (The Bullfighter) Uruguay Edinson Cavani
81%
O Fenômeno (The Phenomenom) Brazil Ronaldo
80%
Der Kaiser (The Emperor) West Germany Franz Beckenbauer
79%
Chicarito (Little Pea) Mexico Javier Hernández
78%
Der Bomber (also: Bomber der Nation (The Nation's Bomber)) West Germany Gerd Müller
74%
El Pibe de Oro (The Golden Boy) Argentina Diego Maradona
72%
El Salvador (The Saviour) Netherlands Johan Cruyff
45%
El Buitre (The Vulture) Spain Emilio Butragueño
37%
Alegria do Povo (People's Joy); & Anjo de Pernas Tortas (Bent-Legged Angel) Brazil Garrincha
34%
The Rock France Marcel Desailly
30%
El Loco (The Madman) Colombia René Higuita
26%
Le Porteur d'Eau (The Water Carrier) France Didier Deschamps
21%
The Wizard of the Dribble England Stanley Matthews
15%
El Conejo (The Rabbit) Argentina Javier Saviola
10%
Mighty Mouse England Kevin Keegan
10%
El Fiera de Vallecas (The Beast of Vallecas) Spain Alvaro Negredo
4%
El Rifle Uruguay Walter Pandiani
4%
No matching quizzes found
Score Distribution
Percent of People with Each Score
Percentile by Number Answered
Your Score History
You have not taken this quiz